| 000 | 00448nam a2200157Ia 4500 | ||
|---|---|---|---|
| 008 | 220803s9999 xx 000 0 und d | ||
| 020 | _a0-240-80622-0 | ||
| 041 | _aeng | ||
| 082 | _a720 GAU | ||
| 100 |
_aGauthier J M _921352 |
||
| 245 | _aBuilding Interactive Worlds In 3D : Virtual Sets And Pre-Visualization...... | ||
| 260 |
_aAmsterdam _bElsevier _c2005 |
||
| 300 | _a422p | ||
| 500 | _aArchitecture | ||
| 650 |
_aDigital Architecture _921353 |
||
| 999 |
_c14112 _d14112 |
||